• 首页
  • 本馆介绍
  • 公告通知
  • 最新文献
  • 馆藏检索
  • 电子资源
  • 读者导购
  • 参考咨询
  • 我的图书馆
  • 登录
  • 详细信息显示
  • 放入我的书架
  • 预约/预借图书
  • 作者相关作品
  • 分类相关作品
  • 丛书相关作品
  • 出版社相关作品

书目信息

  • 表格格式
  • 工作单格式
  • 卡片格式
题名:
世界名城
    
 
作者: 李原 编著
分册: 1  
出版信息: 上海   上海科学技术出版社  1983.04
页数: 192页
开本: 19cm
丛书名:
单 册:
中图分类: K915.5
科图分类:
主题词: 城市--简介--世界 , 地理--世界
电子资源:
ISBN:
000 00677nam0 2200241 45
001 0184007900
005 20060526105038.37
010    @dCNY0.52
091    @a17119.43
100    @a19960215d1983 em y0chiy0121 ea
101 0  @achi
102    @aCN@b310000
105    @af z 000yy
200 10 @a世界名城@Ashi jie ming cheng@h1@e欧洲部分@EOu Zhou Bu Fen@f李原编著@Fli yuan bian zhu
210    @a上海@c上海科学技术出版社@d1983.04
215    @a192页@c图@d19cm
517    @a欧洲部分@AOu Zhou Bu Fen
606    @a城市@x简介@y世界
606 0  @a地理@x世界
690    @aK915.5@v3
701  0 @a李原@Ali yuan@4编著
801  0 @aCN@bNLC@c20060526
905    @dK915.5@e36@f1@b104682
    
    世界名城.1:欧洲部分/李原编著.-上海:上海科学技术出版社,1983.04
    192页:图;19cm
    
    
    ISBN :CNY0.52
    
●
相关链接 在E读中查询图书 在五车中查询图书 在当当中查询图书 在豆瓣中查询图书


正题名:世界名城     索取号:K915.5/36         预约/预借

序号 登录号 条形码 馆藏地/架位号 状态 备注
1 0100249   000078784   第二样本阅览室/ [索取号:K915.5/36] 在馆    
2 0104682   000078766   密集书库/ [索取号:K915.5/36] 在馆    
3 0104683   000078775   密集书库/ [索取号:K915.5/36] 在馆    
4 0104684   000079658   密集书库/ [索取号:K915.5/36] 在馆    
5 0104685   202380869   密集书库/ [索取号:K915.5/36] 在馆    
唐山师范学院图书馆 欢迎您!
大连网信软件有限公司© 版权所有